Собрание сочинений. Т. 13$vТ. 14: [Статьи по метапсихологии (Запись № 12212932)

Подробности
000 -МАРКЕР
контрольное поле 02095nam2a2200337 4500
001 - ИДЕНТИФИКАТОР ЗАПИСИ
контрольное поле RU\NLR\BIBL_A\012497669
005 - ИДЕНТИФИКАТОР ВЕРСИИ
контрольное поле 20210426161814.0
010 ## - МЕЖДУНАРОДНЫЙ СТАНДАРТНЫЙ НОМЕР КНИГИ (ISBN)
Номер (ISBN) 978-5-91681-041-7
Уточнения т. 13-14
Тираж 500
021 ## - НОМЕР ГОСУДАРСТВЕННОЙ РЕГИСТРАЦИИ
Код страны Российская Федерация
Номер КН-П-20-079074
Номер Листа государственной регистраци КН-П-20-5992
035 ## - ДРУГИЕ СИСТЕМНЫЕ НОМЕРА
Идентификатор записи (NLR Aleph) 012497669
100 ## - ДАННЫЕ ОБЩЕЙ ОБРАБОТКИ
Данные общей обработки 20210407d2020 k y0rusy50 ca
101 1# - ЯЗЫК РЕСУРСА
Язык текста, звукозаписи и т.д. русский
Язык оригинала немецкий
102 ## - СТРАНА ПУБЛИКАЦИИ ИЛИ ПРОИЗВОДСТВА
Страна публикации Российская Федерация
105 ## - ПОЛЕ КОДИРОВАННЫХ ДАННЫХ: ТЕКСТОВЫЕ МАТЕРИАЛЫ, МОНОГРАФИЧЕСКИЕ
Кодированные данные о монографическом текстовом документе a|||z|||000zy
200 1# - ЗАГЛАВИЕ И СВЕДЕНИЯ ОБ ОТВЕТСТВЕННОСТИ
Основное заглавие [Статьи по метапсихологии
Параллельное заглавие Artikel zur Metapsychologie
Первые сведения об ответственности пер. с нем. Андрея Боковикова]
Язык параллельного заглавия немецкий
210 ## - ПУБЛИКАЦИЯ, РАСПРОСТРАНЕНИЕ И ДР.
Дата издания, распространения и т.д. 2020
215 ## - ФИЗИЧЕСКАЯ ХАРАКТЕРИСТИКА
Специфическое обозначение материала и объем 382, [2] с.
Другие сведения о физической характеристике ил.
225 1# - СЕРИЯ
Основное заглавие серии Российско-австрийский проект
300 ## - ОБЩИЕ ПРИМЕЧАНИЯ
Текст примечания На обороте тит. с. в макете загл. томов: Т. 13. Статьи по метапсихологии. Т. 14. Статьи по метапсихологии 2
320 ## - ПРИМЕЧАНИЯ О НАЛИЧИИ В ДОКУМЕНТЕ БИБЛИОГРАФИИ / УКАЗАТЕЛЯ
Текст примечания Библиогр. в подстроч. примеч. и в тексте
461 #0 - УРОВЕНЬ НАБОРА
Встроенное поле 001RU\NLR\bibl\844105
-- 2001#$aСобрание сочинений$eв 26 томах$fЗигмунд Фрейд$g[пер. с нем. С. Панкова$gнауч. ред. М. Решетникова и В. Мазина$gкоммент. С. Панкова и В. Мазина]$vТ. 13$vТ. 14
-- 700#1$3RU\NLR\auth\772621$aФрейд$bЗ.$f1856-1939$gЗигмунд$4070
Системный номер (АБИС) связанной записи 1372067
Автор Фрейд, З. (1856-1939)
Место публикации Санкт-Петербург
Дата публикации 2005
Первые сведения об ответственности Зигмунд Фрейд
Имя издателя, распространителя и т.д. Восточно-европейский институт психоанализа
Сведения, относящиеся к заглавию в 26 томах
Заглавие Собрание сочинений
Номер тома Т. 13$vТ. 14
510 1# - ПАРАЛЛЕЛЬНОЕ ЗАГЛАВИЕ
Связь между полями z11790
Параллельное заглавие Artikel zur Metapsychologie
Язык заглавия немецкий
512 1# - ЗАГЛАВИЕ ОБЛОЖКИ
Связь между полями z11790
Заглавие обложки Статьи по метапсихологии
517 1# - ДРУГИЕ ВАРИАНТЫ ЗАГЛАВИЯ
Вариант заглавия Статьи по метапсихологии 2
790 #1 - ИМЯ ЛИЦА - АЛЬТЕРНАТИВНАЯ ФОРМА
Графика поля Кириллица
Материалы, к которым относится поле rus
Начальный элемент ввода Фрейд
Часть имени, кроме начального элемента ввода З.
Даты 1856-1939
Расширение инициалов личного имени Зигмунд
Системный номер авторитетной/нормативной записи 112631
Идентификатор авторитетной/нормативной записи RU\NLR\AUTH\772621
790 #1 - ИМЯ ЛИЦА - АЛЬТЕРНАТИВНАЯ ФОРМА
Графика поля Латинская
Материалы, к которым относится поле ger
Начальный элемент ввода Freud
Часть имени, кроме начального элемента ввода S.
Даты 1856-1939
Расширение инициалов личного имени Sigmund
Системный номер авторитетной/нормативной записи 112632
Идентификатор авторитетной/нормативной записи RU\NLR\AUTH\772622
942 ## - ДОПОЛНИТЕЛЬНЫЕ ЭЛЕМЕНТЫ ЗАПИСИ (АБИС)
Тип экземпляра АБИС Книга
980 ## - КОЛЛЕКЦИЯ
Название коллекции Национальная библиография
Экземпляры
Тип экземпляра Дата поступления Источник поступления Библиотека постоянного хранения Библиотека текущего хранения Место хранения Шифр хранения Штрих-код Статус экземпляра
Книга 07.04.2021 Обязательный экземпляр РНБ (Московский) РНБ (Московский) Русский книжный фонд: издания с 1957 года 2005-5/5995 1-3339776  
Книга 07.04.2021 Обязательный экземпляр РНБ (Московский) РНБ (Московский) Русский книжный фонд: издания с 1957 года 2005-5/5995 1-3339777